| 000 | 00586cam a22002172a 4500 | ||
|---|---|---|---|
| 001 | 020234 | ||
| 003 | AR-FADEU | ||
| 008 | 311216n2007####xxu####################dd | ||
| 020 | _a978-99954-1-092-6 | ||
| 092 |
_a305.584 _bM736 _e/CL/ |
||
| 100 | _aMonasterios, Karin, ed. | ||
| 245 | _aReinventando la Nación en Bolivia : movimientos sociales, Estado y poscolonialidad | ||
| 260 | _aLa Paz | ||
| 260 | _bCLACSO | ||
| 260 | _bPlural | ||
| 260 | _c2007 | ||
| 300 | _a171 p | ||
| 700 | _aPablo, Stefanoni, ed. | ||
| 650 | _aMOVIMIENTOS SOCIALES-BOLIVIA/CL/ | ||
| 942 | _cCLACSO | ||
| 999 |
_c25959 _d25959 |
||